[Event "44th Guernsey International Open"]
[Site "?"]
[Date "2018.10.25"]
[Round "5"]
[White "Rowe, Peter"]
[Black "Waddington, Mike P"]
[Result "1-0"]
[WhiteElo "1951"]
[BlackElo "2096"]
[PlyCount "79"]
[EventDate "2018.10.21"]

1. d4 f5 2. Nf3 Nf6 3. Bf4 d6 4. h3 g6 5. e3 Bg7 6. Bc4 e6 7. g4 d5 8. Be2 O-O
9. gxf5 exf5 10. c4 c5 11. Nc3 Nc6 12. cxd5 cxd4 13. dxc6 dxc3 14. Qb3+ Kh8 15.
cxb7 Bxb7 16. Qxb7 Ne4 17. O-O cxb2 18. Rab1 Qa5 19. Rxb2 Bxb2 20. Qxb2+ Nf6
21. Bc4 Qb6 22. Qa1 Rac8 23. Ne5 Rxc4 24. Nxc4 Qe6 25. Qd4 g5 26. Qd6 Qf7 27.
Be5 Kg7 28. Qxf6+ Qxf6 29. Rd1 Rf7 30. Rd6 Qxe5 31. Nxe5 Rf8 32. Ra6 Rd8 33.
Rxa7+ Kf6 34. Nc4 h5 35. Ra6+ Kg7 36. Nd6 f4 37. exf4 gxf4 38. Kg2 Rb8 39. Kf3
Rb2 40. Ne4 1-0

[Event "44th Guernsey International Open"]
[Site "?"]
[Date "2018.10.25"]
[Round "5"]
[White "Rosen, Daniel B"]
[Black "Prins, Jan H"]
[Result "1/2-1/2"]
[WhiteElo "2081"]
[BlackElo "2003"]
[PlyCount "36"]
[EventDate "2018.10.21"]

1. e4 c5 2. Nc3 Nc6 3. f4 g6 4. Nf3 Bg7 5. Bc4 e6 6. O-O d6 7. d3 Nd4 8. Nxd4
cxd4 9. Ne2 Ne7 10. Qe1 O-O 11. Qf2 Qb6 12. Bb3 Qc5 13. Bd2 b5 14. Qh4 d5 15.
Ng3 a5 16. a4 b4 17. Rae1 Ra7 18. Re2 f5 1/2-1/2

[Event "44th Guernsey International Open"]
[Site "?"]
[Date "2018.10.25"]
[Round "5"]
[White "Havenaar, Jan"]
[Black "Thurlow, Kevin J"]
[Result "1/2-1/2"]
[WhiteElo "2043"]
[BlackElo "2002"]
[PlyCount "41"]
[EventDate "2018.10.21"]

1. Nc3 d5 2. e4 d4 3. Nce2 e5 4. Ng3 Be6 5. c3 c5 6. Bb5+ Nd7 7. Nf3 Bd6 8. Qe2
a6 9. Bc4 Bxc4 10. Qxc4 Ne7 11. d3 b5 12. Qb3 Rc8 13. O-O Qc7 14. Qd1 f6 15.
Bd2 O-O 16. Rc1 Qb8 17. Nf5 Nxf5 18. exf5 Nb6 19. Qe2 Rfe8 20. Qe4 Qa8 21. Qxa8
1/2-1/2

[Event "44th Guernsey International Open"]
[Site "?"]
[Date "2018.10.25"]
[Round "5"]
[White "De Kruif, Kees"]
[Black "Reijneveld, Ad"]
[Result "1/2-1/2"]
[WhiteElo "1979"]
[BlackElo "2089"]
[PlyCount "47"]
[EventDate "2018.10.21"]

1. c4 c5 2. g3 g6 3. Bg2 Bg7 4. Nc3 Nc6 5. d3 Nf6 6. e4 d6 7. Nge2 O-O 8. O-O
Bd7 9. h3 Ne8 10. Be3 Nd4 11. Kh2 Rb8 12. Qd2 Nc7 13. Bh6 b5 14. Bxg7 Kxg7 15.
f4 e5 16. Nxd4 cxd4 17. Nxb5 Nxb5 18. cxb5 Rxb5 19. f5 f6 20. Rfc1 Qb6 21. b3
g5 22. Bf3 a5 23. Rc4 Rc5 24. Rxc5 1/2-1/2

[Event "44th Guernsey International Open"]
[Site "?"]
[Date "2018.10.25"]
[Round "5"]
[White "Gravett, Alan D"]
[Black "Kraft, Karl Heinz"]
[Result "1/2-1/2"]
[WhiteElo "1821"]
[BlackElo "2047"]
[PlyCount "36"]
[EventDate "2018.10.21"]

1. Nf3 d6 2. e4 Bg4 3. Bc4 e6 4. d4 Nf6 5. Nc3 Be7 6. Be3 d5 7. exd5 exd5 8.
Bd3 Nc6 9. a3 Qd7 10. h3 Bh5 11. g4 Bg6 12. Ne5 Nxe5 13. dxe5 Ne4 14. Bxe4 dxe4
15. Qxd7+ Kxd7 16. O-O-O+ Kc8 17. Nd5 Bd8 18. Nf4 Bg5 1/2-1/2

[Event "44th Guernsey International Open"]
[Site "?"]
[Date "2018.10.25"]
[Round "5"]
[White "Wager, John D"]
[Black "Dilleigh, Stephen P"]
[Result "1/2-1/2"]
[WhiteElo "2029"]
[BlackElo "1986"]
[PlyCount "40"]
[EventDate "2018.10.21"]

1. Nf3 d5 2. b3 Nf6 3. Bb2 e6 4. d4 c5 5. e3 Nc6 6. Nbd2 Bd6 7. Bd3 O-O 8. O-O
b6 9. Ne5 Bb7 10. f4 Rc8 11. a3 Ne7 12. c3 Nf5 13. Qf3 Be7 14. Qh3 Nd6 15. g4
Nfe4 16. Rad1 f6 17. Nef3 c4 18. Bb1 f5 19. Nxe4 Nxe4 20. b4 Bc6 1/2-1/2

[Event "44th Guernsey International Open"]
[Site "?"]
[Date "2018.10.25"]
[Round "5"]
[White "Van den Boogaart, Jan Maarten"]
[Black "Spanton, Timothy R"]
[Result "1/2-1/2"]
[WhiteElo "2009"]
[BlackElo "1923"]
[PlyCount "121"]
[EventDate "2018.10.21"]

1. e4 c5 2. Nf3 g6 3. d4 cxd4 4. Nxd4 Nc6 5. c4 Nf6 6. Nc3 d6 7. Be2 Bg7 8. Be3
Nxd4 9. Bxd4 O-O 10. O-O Qa5 11. Rb1 Nd7 12. Nd5 Re8 13. b4 Qd8 14. Bxg7 Kxg7
15. f4 e6 16. Ne3 Qb6 17. c5 dxc5 18. Nc4 Qc7 19. Nd6 Rd8 20. e5 cxb4 21. Rxb4
Nb6 22. Rd4 Nd5 23. Qd2 Rxd6 24. exd6 Qxd6 25. Bf3 Qb6 26. Kh1 Bd7 27. Bxd5
exd5 28. Rxd5 Be6 29. Rd6 Qc5 30. Rc1 Qf5 31. h3 Re8 32. a4 a6 33. a5 h5 34.
Rc7 Qe4 35. Rd4 Qb1+ 36. Kh2 b5 37. axb6 Qxb6 38. Qc3 Kg8 39. Rc6 Qb5 40. Rc5
Qb3 41. Qd2 Ra8 42. Rd8+ Rxd8 43. Qxd8+ Kg7 44. Rc6 Qe3 45. Qc7 Bd5 46. Rxa6
Bxg2 47. Qe5+ Qxe5 48. fxe5 Bd5 49. h4 Bc4 50. Rf6 Bd5 51. Kg3 Bb3 52. Kf4 Bd5
53. Ke3 Be6 54. Kd4 Kf8 55. Rf2 Kg7 56. Kc5 Kf8 57. Kd6 Kg7 58. Rb2 Bc4 59. Ke7
Be6 60. Rb6 Bc4 61. Kd6 1/2-1/2

[Event "44th Guernsey International Open"]
[Site "?"]
[Date "2018.10.25"]
[Round "5"]
[White "Collier, David O"]
[Black "Fassaert, Desire JM"]
[Result "1/2-1/2"]
[WhiteElo "1999"]
[BlackElo "1942"]
[PlyCount "83"]
[EventDate "2018.10.21"]

1. d4 Nf6 2. Bf4 e6 3. e3 c5 4. c3 b6 5. Nf3 Bb7 6. Bd3 Be7 7. h3 Nc6 8. O-O
O-O 9. a3 Rc8 10. Re1 Nh5 11. Bh2 f5 12. Nbd2 Qe8 13. Nc4 f4 14. Qc2 g6 15.
Nce5 Nxe5 16. Nxe5 Kg7 17. Bb5 Bc6 18. Bxc6 dxc6 19. Qe4 g5 20. Rad1 cxd4 21.
exd4 Rf6 22. Rd3 Bd6 23. Red1 h6 24. g4 fxg3 25. fxg3 Rf8 26. Kg2 Kg8 27. Rf3
Rxf3 28. Qxf3 Bxe5 29. dxe5 Rc7 30. Rd6 Qf7 31. g4 Qxf3+ 32. Kxf3 Ng7 33. Bg1
Kf7 34. Be3 Ne8 35. Rd1 Kg6 36. h4 gxh4 37. Rh1 h5 38. Rxh4 hxg4+ 39. Kxg4 Rh7
40. Rxh7 Kxh7 41. Kg5 Kg7 42. a4 1/2-1/2

[Event "44th Guernsey International Open"]
[Site "?"]
[Date "2018.10.25"]
[Round "5"]
[White "Froberg, Gert Jan"]
[Black "Bolt, Graham"]
[Result "0-1"]
[WhiteElo "1867"]
[BlackElo "1994"]
[PlyCount "66"]
[EventDate "2018.10.21"]

1. b3 e5 2. Bb2 d6 3. e3 g6 4. d4 exd4 5. Bxd4 Nf6 6. Nf3 Bg7 7. g3 O-O 8. Bg2
Nc6 9. Bb2 Bf5 10. O-O Qd7 11. Re1 Rfe8 12. Nbd2 a5 13. a3 Rad8 14. Rc1 Bg4 15.
Qe2 Ne5 16. Qf1 Nxf3+ 17. Nxf3 a4 18. b4 c5 19. bxc5 Bxf3 20. Bxf3 dxc5 21.
Bxf6 Bxf6 22. Qg2 Rb8 23. Rb1 Qd2 24. Red1 Qxc2 25. Rb6 Kg7 26. Rdb1 Red8 27.
h4 h5 28. Bd5 Rd7 29. Qf3 Bd8 30. Rd6 Qxb1+ 31. Kh2 Rc7 32. e4 Qb2 33. Qf4 Re7
0-1

[Event "44th Guernsey International Open"]
[Site "?"]
[Date "2018.10.25"]
[Round "5"]
[White "Magnussen, Pal"]
[Black "Karstens, Lex"]
[Result "1-0"]
[WhiteElo "2000"]
[BlackElo "1874"]
[PlyCount "111"]
[EventDate "2018.10.21"]

1. e4 c6 2. d4 d5 3. Nc3 dxe4 4. Nxe4 Nf6 5. Nxf6+ gxf6 6. c3 h5 7. Nf3 h4 8.
Bf4 Be6 9. Qd2 Nd7 10. Be2 Nb6 11. O-O Qd7 12. Qc2 Nd5 13. Bd2 Bf5 14. Qc1 e6
15. c4 Ne7 16. b4 Ng6 17. Qc3 O-O-O 18. Be3 Bh6 19. Bxh6 Rxh6 20. d5 Nf4 21.
Qe3 Nxe2+ 22. Qxe2 Rg8 23. Kh1 Kb8 24. Rad1 exd5 25. cxd5 cxd5 26. Qe3 Rh7 27.
Qf4+ Ka8 28. Nd4 Rh5 29. f3 Rhg5 30. Rd2 h3 31. g3 Bh7 32. Qxf6 R5g6 33. Qf4 a6
34. Nb3 Qe7 35. a4 Rf6 36. Qd4 Be4 37. Rdf2 Bg6 38. Nc5 Rd8 39. a5 Rc6 40. Na4
Qf6 41. Nb6+ Kb8 42. Qg4 Bf5 43. Qf4+ Ka7 44. g4 Bd3 45. Qe3 Bxf1 46. Nxd5+ Kb8
47. Nxf6 Bg2+ 48. Rxg2 hxg2+ 49. Kxg2 Rxf6 50. h4 Ka8 51. Qe7 Rd2+ 52. Kg3 Rdd6
53. h5 Rde6 54. Qf8+ Ka7 55. g5 Rf5 56. Kg4 1-0

[Event "44th Guernsey International Open"]
[Site "?"]
[Date "2018.10.25"]
[Round "5"]
[White "Morcom, Huw"]
[Black "Campbell, Ian"]
[Result "1/2-1/2"]
[WhiteElo "1901"]
[BlackElo "1969"]
[PlyCount "44"]
[EventDate "2018.10.21"]

1. e4 g6 2. d4 Bg7 3. Nf3 d6 4. Be2 b6 5. Nbd2 Bb7 6. c3 Nd7 7. O-O e6 8. Re1
Ne7 9. Bf1 O-O 10. Qc2 Rc8 11. a3 c5 12. Qd1 Qc7 13. Bd3 a6 14. Qe2 b5 15. h3
Nb6 16. Rb1 Rfe8 17. e5 cxd4 18. cxd4 Nc4 19. Be4 Nxd2 20. Bxd2 dxe5 21. Bxb7
Qxb7 22. dxe5 Nd5 1/2-1/2

[Event "44th Guernsey International Open"]
[Site "?"]
[Date "2018.10.25"]
[Round "5"]
[White "Sikkel, Dirk"]
[Black "Canonne, Antoine"]
[Result "1/2-1/2"]
[WhiteElo "1969"]
[BlackElo "1902"]
[PlyCount "58"]
[EventDate "2018.10.21"]

1. e4 c5 2. Nf3 e6 3. b3 d5 4. exd5 exd5 5. Bb5+ Bd7 6. Qe2+ Qe7 7. O-O Qxe2 8.
Bxe2 Nc6 9. Bb2 O-O-O 10. d4 Nf6 11. Ng5 Be8 12. dxc5 Bxc5 13. Nd2 Nd4 14. Bd3
h6 15. Ngf3 Nxf3+ 16. Nxf3 Nh5 17. Rad1 Bd7 18. Bd4 Bxd4 19. Nxd4 Nf4 20. Rfe1
Nxd3 21. Rxd3 Rhe8 22. Red1 f6 23. f3 Re7 24. Kf2 Rde8 25. a3 g5 26. R1d2 Re5
27. g4 a6 28. b4 b6 29. Rb3 Kb7 1/2-1/2

[Event "44th Guernsey International Open"]
[Site "?"]
[Date "2018.10.25"]
[Round "5"]
[White "Murray, J Stephen"]
[Black "Burton, Ronnie"]
[Result "1/2-1/2"]
[WhiteElo "1757"]
[BlackElo "1919"]
[PlyCount "56"]
[EventDate "2018.10.21"]

1. e4 d5 2. exd5 Nf6 3. Bb5+ Nbd7 4. c4 a6 5. Ba4 b5 6. cxb5 Nxd5 7. Nf3 N5b6
8. Bb3 e6 9. d4 Bb7 10. Nc3 Nf6 11. Be3 Bd6 12. h3 O-O 13. O-O axb5 14. Re1 b4
15. Na4 Nxa4 16. Bxa4 Bxf3 17. gxf3 Ra5 18. Bc6 Rh5 19. Kg2 Nd5 20. Bxd5 exd5
21. f4 Rh4 22. Qf3 c6 23. Rg1 f5 24. a3 bxa3 25. bxa3 Qe7 26. a4 Rb8 27. a5 Rh6
28. Kh2 Rf6 1/2-1/2

[Event "44th Guernsey International Open"]
[Site "?"]
[Date "2018.10.25"]
[Round "5"]
[White "Taylor, Mark V"]
[Black "Van Ginkel, Henk"]
[Result "1/2-1/2"]
[WhiteElo "1933"]
[BlackElo "1842"]
[PlyCount "90"]
[EventDate "2018.10.21"]

1. d4 Nf6 2. c4 c5 3. d5 b5 4. cxb5 a6 5. b6 Qxb6 6. Nc3 d6 7. Nf3 g6 8. Nd2
Bg7 9. e4 O-O 10. a4 Qb4 11. a5 Ne8 12. Ra4 Qb7 13. Be2 Bd7 14. Ra3 Bb5 15. O-O
Nc7 16. Nc4 Nd7 17. Na4 Bxc4 18. Bxc4 Qb4 19. Qe2 Qb7 20. Rb3 Qa7 21. Nb6 Rad8
22. f4 Na8 23. Nxd7 Rxd7 24. e5 dxe5 25. fxe5 Nc7 26. e6 fxe6 27. Rxf8+ Bxf8
28. dxe6 Rd8 29. Qf3 Bg7 30. Rb7 Qa8 31. Bf4 Rf8 32. Rxc7 Qxf3 33. gxf3 Rxf4
34. Bxa6 Bxb2 35. Rxe7 Bf6 36. Re8+ Kg7 37. Bb7 Ra4 38. a6 c4 39. Rc8 c3 40. e7
Ra1+ 41. Kg2 Ra2+ 42. Kg3 Bxe7 43. Rxc3 Bd6+ 44. f4 g5 45. h3 Bxf4+ 1/2-1/2

[Event "44th Guernsey International Open"]
[Site "?"]
[Date "2018.10.25"]
[Round "5"]
[White "Goris, Ton"]
[Black "Brookfield, Toby"]
[Result "1/2-1/2"]
[WhiteElo "1922"]
[BlackElo "1873"]
[PlyCount "71"]
[EventDate "2018.10.21"]

1. e4 c5 2. c3 d6 3. d4 Nf6 4. Bd3 cxd4 5. cxd4 g6 6. Nc3 Bg7 7. h3 O-O 8. Nf3
Nc6 9. O-O e5 10. dxe5 dxe5 11. Be3 b6 12. Qe2 Nd4 13. Bxd4 exd4 14. Nb5 Nh5
15. Rfd1 Nf4 16. Qd2 Nxd3 17. Qxd3 Ba6 18. Qb3 Qe7 19. Nfxd4 Qxe4 20. Re1 Qb7
21. Rac1 Bxd4 22. Nxd4 Qd7 23. Nc6 Rfe8 24. Ne5 Qe6 25. Qf3 Rac8 26. Rcd1 Rcd8
27. Rxd8 Rxd8 28. b3 f6 29. Nd3 Qd6 30. Nb2 Kf7 31. Rc1 Rd7 32. Qe3 Kg7 33. Rd1
Qe7 34. Rxd7 Qxd7 35. Qc3 Bb7 36. f3 1/2-1/2

[Event "44th Guernsey International Open"]
[Site "?"]
[Date "2018.10.25"]
[Round "5"]
[White "Cummins, John"]
[Black "Hawkins, James NH"]
[Result "1/2-1/2"]
[WhiteElo "1748"]
[BlackElo "1910"]
[PlyCount "57"]
[EventDate "2018.10.21"]

1. Nf3 Nf6 2. d4 e6 3. e3 b6 4. Bd3 Bb7 5. b3 c5 6. c3 d5 7. Nbd2 Nc6 8. Bb2
Bd6 9. Rc1 O-O 10. O-O e5 11. dxc5 bxc5 12. Bb1 e4 13. Ne1 Re8 14. Nc2 Ne5 15.
Ne1 Qe7 16. Qc2 Rad8 17. Rd1 Bb8 18. Ba1 Neg4 19. g3 Qe5 20. Ng2 Qh5 21. h4 d4
22. cxd4 Ba6 23. Nc4 g5 24. Rfe1 gxh4 25. Nxh4 cxd4 26. Bxd4 Rd5 27. Bxf6 Nxf6
28. Rxd5 Nxd5 29. a3 1/2-1/2

[Event "44th Guernsey International Open"]
[Site "?"]
[Date "2018.10.25"]
[Round "5"]
[White "Ingham, H William"]
[Black "Dijksterhuis, Rolf"]
[Result "0-1"]
[WhiteElo "1849"]
[BlackElo "1958"]
[PlyCount "96"]
[EventDate "2018.10.21"]

1. d4 d5 2. e3 Nf6 3. Nf3 c5 4. dxc5 e6 5. b4 a5 6. c3 Nc6 7. Bb5 Bd7 8. Bb2
axb4 9. Bxc6 Bxc6 10. cxb4 b6 11. a4 bxc5 12. b5 Bb7 13. Nbd2 Bd6 14. O-O O-O
15. Qc2 Qc7 16. Rfe1 e5 17. e4 dxe4 18. Ng5 c4 19. Ndxe4 Nxe4 20. Nxe4 Bb4 21.
Bc3 Bxc3 22. Nxc3 f5 23. Rad1 e4 24. Nd5 Qc5 25. Nf4 Rfe8 26. Qc3 Re7 27. Ra1
Rae8 28. Rac1 Rc8 29. Rc2 Qd6 30. Qd2 Qe5 31. Rec1 g5 32. Ne2 f4 33. Rxc4 Rxc4
34. Rxc4 e3 35. fxe3 fxe3 36. Qd4 Qf5 37. Qg4 Qf2+ 38. Kh1 h6 39. h4 Qf1+ 40.
Kh2 Rg7 41. Rc1 Qf2 42. h5 Rf7 43. Rd1 Kh7 44. Rd7 Qf6 45. Rxf7+ Qxf7 46. Ng3
Qd5 47. Qf5+ Qxf5 48. Nxf5 e2 0-1

[Event "44th Guernsey International Open"]
[Site "?"]
[Date "2018.10.26"]
[Round "6"]
[White "Hillarp Persson, Tiger"]
[Black "Korneev, Oleg"]
[Result "1/2-1/2"]
[WhiteElo "2544"]
[BlackElo "2560"]
[PlyCount "31"]
[EventDate "2018.10.21"]

1. Nf3 d5 2. g3 c6 3. Bg2 Bg4 4. c4 e6 5. cxd5 Bxf3 6. Bxf3 cxd5 7. O-O Nf6 8.
Nc3 Nc6 9. d3 Be7 10. Bd2 O-O 11. Qa4 a6 12. Rfc1 b5 13. Qd1 Rc8 14. Bg2 Qb6
15. e3 h6 16. Ne2 1/2-1/2

[Event "44th Guernsey International Open"]
[Site "?"]
[Date "2018.10.26"]
[Round "6"]
[White "Cornelisse, John"]
[Black "Povah, Nigel E"]
[Result "0-1"]
[WhiteElo "2184"]
[BlackElo "2303"]
[PlyCount "84"]
[EventDate "2018.10.21"]

1. c4 e5 2. g3 Nf6 3. Bg2 h6 4. Nf3 e4 5. Nd4 d5 6. d3 dxc4 7. dxe4 Bc5 8. e3
O-O 9. O-O Re8 10. Qc2 Bxd4 11. exd4 Qxd4 12. Rd1 Qc5 13. Be3 Qh5 14. f3 Nc6
15. Nd2 Ne5 16. Bd4 Bd7 17. Qc3 c5 18. Bxe5 Qxe5 19. Qxe5 Rxe5 20. Nxc4 Re7 21.
e5 Ne8 22. f4 Rb8 23. Kf2 b6 24. Ne3 Nc7 25. Rd2 g6 26. b4 cxb4 27. Rc1 Be6 28.
Nc2 a5 29. Nd4 Rd7 30. Ke3 Rbd8 31. Nxe6 Nxe6 32. Rxd7 Rxd7 33. Rc6 b5 34. Bh3
Rc7 35. Bg2 a4 36. Rb6 Rc5 37. Bf1 a3 38. Bd3 Nc7 39. Kd4 Rd5+ 40. Ke4 b3 41.
Rc6 b2 42. Bb1 Rd1 0-1

[Event "44th Guernsey International Open"]
[Site "?"]
[Date "2018.10.26"]
[Round "6"]
[White "Purdon, Colin"]
[Black "Le Roux, Jean Pierre"]
[Result "0-1"]
[WhiteElo "2036"]
[BlackElo "2532"]
[PlyCount "68"]
[EventDate "2018.10.21"]

1. d4 Nf6 2. c4 e6 3. Nc3 Bb4 4. Nf3 c5 5. g3 b6 6. Bg2 Bb7 7. d5 exd5 8. Nh4
Ne4 9. O-O Nxc3 10. bxc3 Bxc3 11. Rb1 O-O 12. cxd5 d6 13. Rb3 Bf6 14. Nf5 Bc8
15. Qc2 Bxf5 16. Qxf5 Nd7 17. g4 g6 18. Qc2 Bg7 19. f4 Qe7 20. e4 Rae8 21. Kh1
Bd4 22. g5 f6 23. h4 Rf7 24. Bb2 fxg5 25. hxg5 Ref8 26. Bc1 Re8 27. a4 Nf8 28.
Bb2 Bxb2 29. Rxb2 h6 30. gxh6 Qh4+ 31. Kg1 Rxf4 32. h7+ Nxh7 33. Rxf4 Qxf4 34.
e5 Qe3+ 0-1

[Event "44th Guernsey International Open"]
[Site "?"]
[Date "2018.10.26"]
[Round "6"]
[White "Heppell, Ian N"]
[Black "Rowe, Peter"]
[Result "1/2-1/2"]
[WhiteElo "2031"]
[BlackElo "1951"]
[PlyCount "61"]
[EventDate "2018.10.21"]

1. e4 d6 2. d4 Nf6 3. Nc3 Nbd7 4. Nf3 e5 5. Bc4 Be7 6. O-O O-O 7. Re1 c6 8. a4
a5 9. h3 Nb6 10. Ba2 Nfd7 11. Be3 exd4 12. Nxd4 Nc5 13. Qh5 g6 14. Qe2 Bf6 15.
Qd2 Nbxa4 16. Nxa4 Nxa4 17. Bh6 Bg7 18. Bxg7 Kxg7 19. Nxc6 bxc6 20. Qd4+ Kg8
21. Qxa4 Qg5 22. Re3 Qe5 23. c3 c5 24. Rd1 Be6 25. Bd5 Bxd5 26. Rxd5 Qe7 27. e5
Qb7 28. Qa2 dxe5 29. Rdxe5 c4 30. Rc5 Qb3 31. Qxb3 1/2-1/2

[Event "44th Guernsey International Open"]
[Site "?"]
[Date "2018.10.26"]
[Round "6"]
[White "Sedgwick, David R"]
[Black "Rosen, Daniel B"]
[Result "0-1"]
[WhiteElo "2013"]
[BlackElo "2081"]
[PlyCount "116"]
[EventDate "2018.10.21"]

1. d4 f5 2. e4 fxe4 3. Nc3 Nf6 4. Bg5 Nc6 5. d5 Ne5 6. Qd4 Nf7 7. Bxf6 exf6 8.
Nxe4 f5 9. Nc3 g6 10. O-O-O Bh6+ 11. Kb1 O-O 12. Nf3 Bg7 13. Qd2 Nd6 14. Bd3 a6
15. Rde1 b5 16. Ne5 Bb7 17. a3 c5 18. dxc6 dxc6 19. Nf3 c5 20. Re6 Nf7 21. Qe3
b4 22. axb4 cxb4 23. Na4 Bd5 24. Rb6 a5 25. Re1 Bxf3 26. Qxf3 Qd4 27. Qe3 Qxe3
28. fxe3 Rfc8 29. b3 Ne5 30. Be2 Ra7 31. Nb2 Kf8 32. Nc4 Nxc4 33. Bxc4 a4 34.
Ra6 Rxa6 35. Bxa6 Ra8 36. Bb7 Ra7 37. bxa4 Rxb7 38. Ka2 Bc3 39. Rd1 Re7 40. Rd3
Re5 41. Kb3 Ke7 42. Kc4 Ra5 43. Kb3 Ke6 44. Rd8 Rd5 45. Ra8 Kd6 46. Ra7 Re5 47.
Rxh7 Rxe3 48. h4 Rg3 49. h5 gxh5 50. Rxh5 f4 51. Rf5 Bd2+ 52. Kc4 Rc3+ 53. Kb5
Rxc2 54. Rh5 b3 55. Rh3 Rc5+ 56. Kb6 Be3 57. Rh6+ Kd5 58. Rh5+ Kc4 0-1

[Event "44th Guernsey International Open"]
[Site "?"]
[Date "2018.10.26"]
[Round "6"]
[White "Bolt, Graham"]
[Black "Havenaar, Jan"]
[Result "1/2-1/2"]
[WhiteElo "1994"]
[BlackElo "2043"]
[PlyCount "60"]
[EventDate "2018.10.21"]

1. Nf3 Nf6 2. g3 g6 3. Bg2 Bg7 4. O-O O-O 5. c4 d6 6. Nc3 e5 7. d4 Nc6 8. dxe5
Nxe5 9. Nxe5 dxe5 10. Bg5 Qxd1 11. Rfxd1 c6 12. h3 Re8 13. Rac1 Be6 14. Na4 Nd7
15. b3 f5 16. Be3 Bf8 17. Rc2 Be7 18. Bd2 Kf7 19. Bc1 Red8 20. Bb2 e4 21. Rcd2
Bb4 22. Nc3 Ba5 23. Kf1 Bc7 24. Nb1 Ke7 25. Ba3+ Kf7 26. Bd6 Bxd6 27. Rxd6 Ke7
28. R6d2 Nf6 29. Rxd8 Rxd8 30. Rxd8 Kxd8 1/2-1/2

[Event "44th Guernsey International Open"]
[Site "?"]
[Date "2018.10.26"]
[Round "6"]
[White "Prins, Jan H"]
[Black "Curtis, John E"]
[Result "0-1"]
[WhiteElo "2003"]
[BlackElo "2042"]
[PlyCount "116"]
[EventDate "2018.10.21"]

1. d4 d6 2. h4 e5 3. dxe5 dxe5 4. Qxd8+ Kxd8 5. e4 Be6 6. Nf3 f6 7. Nc3 c6 8.
a3 Nd7 9. Be3 Bc5 10. Bxc5 Nxc5 11. b4 Nd7 12. a4 a5 13. b5 Nh6 14. Bd3 Nf7 15.
Nd2 Nd6 16. Rb1 Kc7 17. Ke2 Nc5 18. Rb2 Rhd8 19. f3 Rd7 20. b6+ Kd8 21. Rd1 Ke7
22. Rbb1 Rad8 23. Nf1 Nc4 24. Ne3 Nxe3 25. Kxe3 Rd4 26. g3 Nxa4 27. Nxa4 Rxa4
28. Ra1 Rb4 29. Rxa5 Rxb6 30. Ra7 Rb4 31. Rda1 Kd6 32. Ra8 Rd7 33. f4 Kc5 34.
f5 Bc4 35. g4 Bxd3 36. cxd3 Rb3 37. Rd1 h6 38. Ra2 b5 39. g5 hxg5 40. hxg5 Kb4
41. Ra6 Rc3 42. Ra8 Kb3 43. g6 c5 44. Raa1 Kb4 45. Rdb1+ Rb3 46. Rxb3+ Kxb3 47.
Rb1+ Ka4 48. Ra1+ Kb4 49. Ra8 Kc3 50. Rf8 b4 51. Rf7 Rxd3+ 52. Ke2 b3 53. Rxg7
b2 54. Rb7 Rg3 55. Kf2 Rg5 56. Ke2 Kc2 57. Rxb2+ Kxb2 58. Kd3 Kb3 0-1

[Event "44th Guernsey International Open"]
[Site "?"]
[Date "2018.10.26"]
[Round "6"]
[White "Reijneveld, Ad"]
[Black "Thurlow, Kevin J"]
[Result "1/2-1/2"]
[WhiteElo "2089"]
[BlackElo "2002"]
[PlyCount "48"]
[EventDate "2018.10.21"]

1. d4 Nf6 2. Nf3 e6 3. Bf4 c5 4. c3 Nc6 5. e3 d5 6. Nbd2 Bd6 7. Bg3 Qc7 8. dxc5
Bxg3 9. hxg3 e5 10. Nb3 Bg4 11. Be2 O-O-O 12. O-O h5 13. Nh2 Bxe2 14. Qxe2 e4
15. f4 exf3 16. Qxf3 Ne5 17. Qf4 Rh6 18. Nf3 Nfg4 19. Nxe5 Nxe5 20. Nd4 Kb8 21.
b4 Rg6 22. Nf3 f6 23. Nxe5 fxe5 24. Qf5 Rxg3 1/2-1/2

[Event "44th Guernsey International Open"]
[Site "?"]
[Date "2018.10.26"]
[Round "6"]
[White "Grieve, Harry"]
[Black "De Kruif, Kees"]
[Result "1-0"]
[WhiteElo "2292"]
[BlackElo "1979"]
[PlyCount "75"]
[EventDate "2018.10.21"]

1. d4 Nf6 2. Bg5 d5 3. Bxf6 gxf6 4. c4 dxc4 5. e3 c5 6. Bxc4 cxd4 7. Nc3 Nc6 8.
Qh5 Ne5 9. Bb5+ Nc6 10. O-O-O Bd7 11. exd4 Qc7 12. d5 Ne5 13. d6 exd6 14. Bxd7+
Qxd7 15. f4 Qg4 16. Qxg4 Nxg4 17. Nf3 O-O-O 18. Rhe1 h5 19. Rd5 Bh6 20. g3 h4
21. Ne4 hxg3 22. hxg3 Rd7 23. Nd4 Rhd8 24. Kd2 a6 25. Nf5 Bf8 26. Kd3 Kc7 27.
Rh1 Be7 28. Rh4 Rg8 29. Ke2 Kc6 30. Nc3 b5 31. a3 a5 32. Rxb5 d5 33. Rxd5 Bc5
34. Rxd7 Kxd7 35. Ne4 Ke6 36. Nxc5+ Kxf5 37. Kf3 Rc8 38. Rh5+ 1-0

[Event "44th Guernsey International Open"]
[Site "?"]
[Date "2018.10.26"]
[Round "6"]
[White "Dilleigh, Stephen P"]
[Black "Waddington, Mike P"]
[Result "0-1"]
[WhiteElo "1986"]
[BlackElo "2096"]
[PlyCount "98"]
[EventDate "2018.10.21"]

1. Nf3 Nf6 2. c4 g6 3. Nc3 Bg7 4. d4 O-O 5. e4 d6 6. Be2 e5 7. Be3 Nc6 8. d5
Ne7 9. Nd2 Nd7 10. b4 f5 11. f3 fxe4 12. fxe4 a5 13. a3 axb4 14. axb4 Rxa1 15.
Qxa1 Kh8 16. Bf3 Ng8 17. O-O Bh6 18. Qe1 Ndf6 19. h3 Ne8 20. Bd1 Rxf1+ 21. Nxf1
Kg7 22. Qg3 Nef6 23. Bxh6+ Nxh6 24. Ne3 Bd7 25. Qf2 Qa8 26. Nc2 Nf7 27. Qe3 Ba4
28. Nxa4 Qxa4 29. Qa3 Qxa3 30. Nxa3 Nxe4 31. Nb5 c6 32. dxc6 bxc6 33. Na7 d5
34. c5 Nc3 35. Bg4 Nd8 36. Bd7 Ne2+ 37. Kf2 Nd4 38. b5 cxb5 39. Nxb5 Nxb5 40.
Bxb5 Ne6 41. c6 Nc7 42. Be2 Kf6 43. h4 h6 44. Ke3 Ke6 45. Bg4+ Kd6 46. Bd7 Nb5
47. g4 g5 48. hxg5 hxg5 49. Be8 Nd4 0-1

[Event "44th Guernsey International Open"]
[Site "?"]
[Date "2018.10.26"]
[Round "6"]
[White "Kraft, Karl Heinz"]
[Black "Collier, David O"]
[Result "1/2-1/2"]
[WhiteElo "2047"]
[BlackElo "1999"]
[PlyCount "127"]
[EventDate "2018.10.21"]

1. e4 c5 2. c3 d6 3. d4 Nf6 4. f3 Nbd7 5. Be3 e5 6. Bc4 Qc7 7. Qb3 Nb6 8. Bb5+
Bd7 9. dxe5 dxe5 10. Na3 a6 11. Bxd7+ Nbxd7 12. Ne2 b5 13. c4 b4 14. Nc2 a5 15.
Bg5 a4 16. Qd3 Ra6 17. Ne3 g6 18. Ng3 h6 19. Bxf6 Nxf6 20. Rd1 a3 21. b3 Be7
22. Ngf1 O-O 23. Nd2 Nh5 24. Nd5 Qd8 25. g3 Bg5 26. Nf1 f5 27. exf5 gxf5 28. h4
e4 29. fxe4 Bf6 30. Kd2 Rd6 31. Kc2 Bd4 32. exf5 Rxd5 33. cxd5 Qxd5 34. Qc4
Qxc4+ 35. bxc4 Rxf5 36. g4 Rf2+ 37. Rd2 Rxd2+ 38. Nxd2 Nf6 39. Nb3 Bf2 40. g5
Ne4 41. Rh2 Bg3 42. Rg2 Bd6 43. g6 h5 44. Nd2 Nf6 45. Kd3 Ng4 46. Ke4 Kg7 47.
Re2 Kxg6 48. Kd5 Bf8 49. Ne4 Nf6+ 50. Nxf6 Kxf6 51. Rf2+ Kg7 52. Ke6 Kg8 53.
Rf7 Bd6 54. Rb7 Bg3 55. Kf6 Bxh4+ 56. Kg6 Kf8 57. Kxh5 Bf2 58. Kg6 Bd4 59. Kf5
Ke8 60. Ke6 Kf8 61. Rf7+ Ke8 62. Rf3 Bc3 63. Rg3 Kf8 64. Rf3+ 1/2-1/2

[Event "44th Guernsey International Open"]
[Site "?"]
[Date "2018.10.26"]
[Round "6"]
[White "Spanton, Timothy R"]
[Black "Wager, John D"]
[Result "1/2-1/2"]
[WhiteElo "1923"]
[BlackElo "2029"]
[PlyCount "96"]
[EventDate "2018.10.21"]

1. e4 c5 2. Nf3 Nc6 3. Bb5 g6 4. c3 Nf6 5. Qe2 a6 6. Ba4 Bg7 7. d4 b5 8. Bc2
cxd4 9. cxd4 d5 10. e5 Ng4 11. O-O O-O 12. Nbd2 Nh6 13. h3 a5 14. Nb3 Qb6 15.
Be3 Nf5 16. g4 Nxe3 17. fxe3 a4 18. Nbd2 Nb4 19. Rfc1 Nxc2 20. Rxc2 Bd7 21. Rc5
Rac8 22. Rac1 Rxc5 23. Rxc5 Rc8 24. Rxc8+ Bxc8 25. Qd3 Qc6 26. Qc3 Qxc3 27.
bxc3 h5 28. gxh5 gxh5 29. h4 Bf5 30. Kf2 e6 31. Ng5 f6 32. exf6 Bxf6 33. e4
Bxg5 34. hxg5 Bxe4 35. Kg3 Kg7 36. a3 Kg6 37. Kf4 h4 38. Kg4 h3 39. Kxh3 Kxg5
40. Kg3 Kf5 41. Nf1 Bd3 42. Nd2 e5 43. dxe5 Kxe5 44. Kf2 Kf4 45. Nf3 Bc4 46.
Nd2 Bd3 47. Nf3 Bc2 48. Nd4 Bd3 1/2-1/2